Sports Quiz

Random Sports Quiz

Squad: Olympique Lyonnais 2010/11 Quiz Stats

 Plays Quiz not verified by Sporcle

Score 0/24 Timer 06:00
0 Plays Today
Number Player % Correct
1Hugo Lloris
97.9%
9Lisandro López
95.2%
3Cris
93.8%
13Anthony Réveillère
90.4%
18Bafétimbi Gomis
90.4%
8Miralem Pjanić
86.3%
11Michel Bastos
84.2%
30Rémy Vercoutre
83.6%
28Jérémy Toulalan
82.2%
20Aly Cissokho
80.1%
38Alexandre Lacazette
80.1%
21Maxime Gonalons
79.5%
Number Player % Correct
6Kim Källström
78.1%
7Jimmy Briand
73.3%
5Dejan Lovren
72.6%
29Yoann Gourcuff
72.6%
22Clément Grenier
69.2%
19César Delgado
68.5%
10Ederson
64.4%
17Jean II Makoun
64.4%
4Pape Malickou Diakhaté
56.8%
2Lamine Gassama
53.4%
24Jérémy Pied
47.9%
12Thimothée Kolodziejczak
40.4%

You're not logged in!

Compare scores with friends on all Sporcle quizzes.
OR
Log In

You Might Also Like...

Show Comments

Extras

Created Aug 7, 2010ReportNominate

Top Quizzes Today


Score Distribution

Your Account Isn't Verified!

In order to create a playlist on Sporcle, you need to verify the email address you used during registration. Go to your Sporcle Settings to finish the process.

Report this User

Report this user for behavior that violates our Community Guidelines.

Details: